000 00238nam a2200097Ia 4500
082 _a971 WILL
245 0 _aCanada
100 _a Williams, Brian, Washington, D.C., 2009
942 _cBK
008 210817s9999 xx 000 0 und d
999 _c237229
_d237230